<?xml version="1.0" encoding="UTF-8"?><?xml-stylesheet type="text/xsl" href="static/style.xsl"?><OAI-PMH xmlns="http://www.openarchives.org/OAI/2.0/" xmlns:xsi="http://www.w3.org/2001/XMLSchema-instance" xsi:schemaLocation="http://www.openarchives.org/OAI/2.0/ http://www.openarchives.org/OAI/2.0/OAI-PMH.xsd"><responseDate>2026-04-17T09:18:32Z</responseDate><request verb="GetRecord" identifier="oai:riubu.ubu.es:10259/10203" metadataPrefix="marc">https://riubu.ubu.es/oai/request</request><GetRecord><record><header><identifier>oai:riubu.ubu.es:10259/10203</identifier><datestamp>2025-02-13T01:05:28Z</datestamp><setSpec>com_10259_6171</setSpec><setSpec>com_10259_5086</setSpec><setSpec>com_10259_2604</setSpec><setSpec>col_10259_7105</setSpec></header><metadata><record xmlns="http://www.loc.gov/MARC21/slim" xmlns:doc="http://www.lyncode.com/xoai" xmlns:xsi="http://www.w3.org/2001/XMLSchema-instance" xmlns:dcterms="http://purl.org/dc/terms/" xsi:schemaLocation="http://www.loc.gov/MARC21/slim http://www.loc.gov/standards/marcxml/schema/MARC21slim.xsd">
<leader>00925njm 22002777a 4500</leader>
<datafield tag="042" ind1=" " ind2=" ">
<subfield code="a">dc</subfield>
</datafield>
<datafield tag="720" ind1=" " ind2=" ">
<subfield code="a">Espinosa González, Ana Belén</subfield>
<subfield code="e">author</subfield>
</datafield>
<datafield tag="720" ind1=" " ind2=" ">
<subfield code="a">Hurtado Alonso, Nerea</subfield>
<subfield code="e">author</subfield>
</datafield>
<datafield tag="720" ind1=" " ind2=" ">
<subfield code="a">Manso Morato, Javier</subfield>
<subfield code="e">author</subfield>
</datafield>
<datafield tag="720" ind1=" " ind2=" ">
<subfield code="a">Hernando Revenga, Manuel</subfield>
<subfield code="e">author</subfield>
</datafield>
<datafield tag="720" ind1=" " ind2=" ">
<subfield code="a">Ortega López, Vanesa</subfield>
<subfield code="e">author</subfield>
</datafield>
<datafield tag="260" ind1=" " ind2=" ">
<subfield code="c">2024</subfield>
</datafield>
<datafield tag="520" ind1=" " ind2=" ">
<subfield code="a">This experience involves an initiative aimed at awakening and promoting scientific vocations in the fields of Science, Technology, Engineering, Arts, and Mathematics (STEAM disciplines) among children in Preschool Education and Primary Education, aged between 4 and 9 years old. To this end, several workshops linked to different research projects in the field of civil engineering and materials science have been developed, with the aim of introducing children to the possibility of using recycled construction materials in engineering works. The final goal is to involve them from an early age in the importance of reusing and recycling all types of materials across all economic sectors. These workshops aim to strengthen the participant’s curiosity and confidence in the technological field, providing them with the necessary tools to explore their creativity and develop technical skills.</subfield>
</datafield>
<datafield tag="024" ind2=" " ind1="8">
<subfield code="a">978-84-09-62938-1</subfield>
</datafield>
<datafield tag="024" ind2=" " ind1="8">
<subfield code="a">http://hdl.handle.net/10259/10203</subfield>
</datafield>
<datafield tag="024" ind2=" " ind1="8">
<subfield code="a">10.21125/edulearn.2024.0724</subfield>
</datafield>
<datafield tag="024" ind2=" " ind1="8">
<subfield code="a">2340-1117</subfield>
</datafield>
<datafield ind1=" " ind2=" " tag="653">
<subfield code="a">STEAM</subfield>
</datafield>
<datafield ind1=" " ind2=" " tag="653">
<subfield code="a">Sustainability</subfield>
</datafield>
<datafield ind1=" " ind2=" " tag="653">
<subfield code="a">Concrete</subfield>
</datafield>
<datafield ind1=" " ind2=" " tag="653">
<subfield code="a">Preschool</subfield>
</datafield>
<datafield ind1=" " ind2=" " tag="653">
<subfield code="a">Primary school</subfield>
</datafield>
<datafield ind1=" " ind2=" " tag="653">
<subfield code="a">Workshop</subfield>
</datafield>
<datafield ind1=" " ind2=" " tag="653">
<subfield code="a">Civil engineering</subfield>
</datafield>
<datafield tag="245" ind1="0" ind2="0">
<subfield code="a">Sustainable concrete workshop to promote STEAM disciplines among preschool and primary school children</subfield>
</datafield>
</record></metadata></record></GetRecord></OAI-PMH>